Steel detailers' manual (Record no. 60379)

000 -LEADER
fixed length control field 01332cam a2200325 a 4500
001 - CONTROL NUMBER
control field 12511648
003 - CONTROL NUMBER IDENTIFIER
control field NUST-PNEC
005 - DATE AND TIME OF LATEST TRANSACTION
control field 20170116180655.0
008 - FIXED-LENGTH DATA ELEMENTS--GENERAL INFORMATION
fixed length control field 010823s2001 maua bf 001 0 eng
010 ## - LIBRARY OF CONGRESS CONTROL NUMBER
LC control number 2001043557
020 ## - INTERNATIONAL STANDARD BOOK NUMBER
International Standard Book Number 0632055723
040 ## - CATALOGING SOURCE
Original cataloging agency DLC
Transcribing agency PNEC
050 00 - LIBRARY OF CONGRESS CALL NUMBER
Classification number TA685
Item number .H39 2001
082 00 - DEWEY DECIMAL CLASSIFICATION NUMBER
Classification number 624.1821 HAY
100 1# - MAIN ENTRY--PERSONAL NAME
Personal name Hayward, Alan
Fuller form of name (Alan T. J.)
245 10 - TITLE STATEMENT
Title Steel detailers' manual
Statement of responsibility, etc. Alan Hayward and Frank Weare.
250 ## - EDITION STATEMENT
Edition statement 2nd ed. / revised by Anthony Oakhill.
260 ## - PUBLICATION, DISTRIBUTION, ETC.
Place of publication, distribution, etc. Malden, MA :
Name of publisher, distributor, etc. Blackwell Science,
Date of publication, distribution, etc. 2002.
300 ## - PHYSICAL DESCRIPTION
Extent vi, 167 p. :
Other physical details ill. ;
Dimensions 30 cm.
500 ## - GENERAL NOTE
General note Includes Index http://www.amazon.com/s/ref=nb_sb_noss?url=search-alias%3Dstripbooks&field-keywords=0632055723&rh=n%3A283155%2Ck%3A0632055723
504 ## - BIBLIOGRAPHY, ETC. NOTE
Bibliography, etc. note Includes bibliographical references (p. [140]-144) and index.
650 #0 - SUBJECT ADDED ENTRY--TOPICAL TERM
Topical term or geographic name entry element Steel, Structural
Form subdivision Handbooks, manuals, etc.
650 #0 - SUBJECT ADDED ENTRY--TOPICAL TERM
Topical term or geographic name entry element Building, Iron and steel
Form subdivision Handbooks, manuals, etc.
General subdivision ME
650 #0 - SUBJECT ADDED ENTRY--TOPICAL TERM
Topical term or geographic name entry element Building, Iron and steel
General subdivision Details
Form subdivision Handbooks, manuals, etc.
700 1# - ADDED ENTRY--PERSONAL NAME
Personal name Weare, Frank.
700 1# - ADDED ENTRY--PERSONAL NAME
Personal name Oakhill, Anthony,
Titles and other words associated with a name C. Eng.
906 ## - LOCAL DATA ELEMENT F, LDF (RLIN)
a 7
b cbc
c orignew
d 1
e ocip
f 20
g y-gencatlg
942 ## - ADDED ENTRY ELEMENTS (KOHA)
Source of classification or shelving scheme
Koha item type Book
Holdings
Withdrawn status Lost status Source of classification or shelving scheme Damaged status Not for loan Permanent Location Current Location Date acquired Source of acquisition Cost, normal purchase price Total Checkouts Full call number Barcode Date last seen Cost, replacement price Price effective from Koha item type
          Pakistan Navy Engineering College (PNEC) Pakistan Navy Engineering College (PNEC) 07/19/2005 Vanguard Books Pvt. Ltd 5661.00   624.1821 HAY PNECLIB-027470 08/30/2014 5661.00 07/19/2005 Book
© 2023 Central Library, National University of Sciences and Technology. All Rights Reserved.